[Event "Czech Chess Christmas 2005"]
[Site "Litomysl (CZE)"]
[Date "2006.01.01"]
[Round "9.26"]
[White "Herbold, Manfred"]
[Black "Kastner, Kamil"]
[Result "1-0"]
[WhiteElo "2197"]
[BlackElo "2015"]
[PlyCount "43"]
[EventDate "2005.12.26"]

1. d4 e6 2. Nf3 d5 3. Bf4 Nf6 4. e3 c5 5. c3 Be7 6. Bd3 O-O 7. h3 b6 8. Qe2 Bb7
9. Nbd2 a6 10. O-O Nc6 11. Rae1 Bd6 12. Bb1 Qc7 13. Bxd6 Qxd6 14. dxc5 bxc5 15.
e4 dxe4 16. Nxe4 Nxe4 17. Qxe4 g6 18. Ng5 Kg7 19. Qh4 h6 20. Ne4 Qd5 21. Rd1
Qc4 22. Qf6+ 1-0

[Event "Czech Chess Christmas 2005"]
[Site "Litomysl (CZE)"]
[Date "2006.01.01"]
[Round "9.33"]
[White "Zeinert, Michal"]
[Black "Heller, Roland"]
[Result "1/2-1/2"]
[WhiteElo "2113"]
[BlackElo "1868"]
[PlyCount "34"]
[EventDate "2005.12.26"]

1. c4 Nf6 2. Nc3 g6 3. g3 Bg7 4. Bg2 O-O 5. d3 c5 6. Bd2 Nc6 7. Qc1 Nd4 8. e3
Nc6 9. e4 Nd4 10. Nf3 Ng4 11. Nxd4 Ne5 12. Qc2 cxd4 13. Ne2 Qb6 14. O-O d6 15.
h3 f5 16. f4 Nc6 17. Kh2 a5 1/2-1/2

[Event "Czech Chess Christmas 2005"]
[Site "Litomysl (CZE)"]
[Date "2006.01.01"]
[Round "9.40"]
[White "Endler, Boris"]
[Black "Pekar, Vaclav"]
[Result "0-1"]
[WhiteElo "2025"]
[BlackElo "1884"]
[PlyCount "32"]
[EventDate "2005.12.26"]

1. e4 d5 2. exd5 Qxd5 3. Nc3 Qa5 4. d4 Nf6 5. Nf3 Bf5 6. Bd3 Nc6 7. Bxf5 Qxf5
8. Qe2 O-O-O 9. O-O e6 10. a3 g5 11. Be3 Rg8 12. Rfd1 Bd6 13. Nb5 Bf4 14. g3
Qh3 15. Ne1 Ng4 16. Nf3 Rg6 0-1